The Ecology and Silviculture of Oaks : (Record no. 601960)

MARC details
000 -LEADER
fixed length control field 00487nam a2200193 a 4500
001 - CONTROL NUMBER
control field 1765349898375
003 - CONTROL NUMBER IDENTIFIER
control field ACL
005 - DATE AND TIME OF LATEST TRANSACTION
control field 20251210132856.0
008 - FIXED-LENGTH DATA ELEMENTS--GENERAL INFORMATION
fixed length control field 251210s2009##################000#0#eng##
020 ## - INTERNATIONAL STANDARD BOOK NUMBER
International Standard Book Number 9781845934743
082 04 - DEWEY DECIMAL CLASSIFICATION NUMBER
Classification number 634.9721
Item number JOH
040 ## - CATALOGING SOURCE
Original cataloging agency ACL
Language of cataloging eng
Transcribing agency ACL
100 1# - MAIN ENTRY--PERSONAL NAME
Personal name Johnson, Paul S.,
Relator term author.
245 10 - TITLE STATEMENT
Title The Ecology and Silviculture of Oaks :
260 ## - PUBLICATION, DISTRIBUTION, ETC.
Name of publisher, distributor, etc. C A B International,
Date of publication, distribution, etc. 2009.
300 ## - PHYSICAL DESCRIPTION
Extent 580 pages
650 #0 - SUBJECT ADDED ENTRY--TOPICAL TERM
Topical term or geographic name entry element Nature.
942 ## - ADDED ENTRY ELEMENTS (KOHA)
Koha item type English Books
Holdings
Withdrawn status Lost status Damaged status Not for loan Home library Current library Shelving location Date acquired Total Checkouts Full call number Barcode Date last seen Price effective from Koha item type
        Anna Centenary Library Anna Centenary Library 6TH FLOOR, A WING 10.12.2025   634.9721 JOH 164275 09.02.2026 10.12.2025 English Books

Find us on the map